Online
Catalog

Capitalismo y dictadura / (Record no. 22062)

MARC details
000 -CABECERA
campo de control de longitud fija 01224nam a2200289 a 4500
001 - NÚMERO DE CONTROL
campo de control 000022565
005 - FECHA Y HORA DE LA ÚLTIMA TRANSACCIÓN
campo de control 20240302073950.0
008 - DATOS DE LONGITUD FIJA--INFORMACIÓN GENERAL
campo de control de longitud fija 101013s1982 dr 000 0 spa d
040 ## - FUENTE DE LA CATALOGACIÓN
Centro catalogador/agencia de origen DO-SdBNP
Lengua de catalogación spa
Centro/agencia transcriptor BNPHU
082 ## - NÚMERO DE LA CLASIFICACIÓN DECIMAL DEWEY
Número de clasificación 330.97293054
Número de documento/Ítem C343c
100 1# - ENTRADA PRINCIPAL--NOMBRE DE PERSONA
Nombre de persona Cassá, Roberto,
Fechas asociadas al nombre 1948-
9 (RLIN) 10888
245 10 - MENCIÓN DE TÍTULO
Título Capitalismo y dictadura /
Mención de responsabilidad, etc. Roberto Cassá.
260 ## - PUBLICACIÓN, DISTRIBUCIÓN, ETC.
Lugar de publicación, distribución, etc. Santo Domingo :
Nombre del editor, distribuidor, etc. UASD,
Fecha de publicación, distribución, etc. 1982.
300 ## - DESCRIPCIÓN FÍSICA
Extensión 794 P. :
Otras características físicas il. ;
Dimensiones 25 cm.
490 1# - MENCIÓN DE SERIE
Mención de serie Publicaciones de la Universidad Autónoma de Santo Domingo
Designación de volumen o secuencia 271
490 1# - MENCIÓN DE SERIE
Mención de serie Historia y sociedad
Designación de volumen o secuencia no. 36
500 ## - NOTA GENERAL
Nota general Incluye referencias bibliográficas y notas al pie de las páginas
590 ## - NOTA LOCAL (RLIN)
Nota local Perteneció a la biblioteca personal de Juan Isidro Jimenes Grullón.
590 ## - NOTA LOCAL (RLIN)
Nota local Inventariado, 2018/VM
651 #4 - PUNTO DE ACCESO ADICIONAL DE MATERIA--NOMBRE GEOGRÁFICO
Nombre geográfico República Dominicana
Subdivisión general Condiciones Económicas
Subdivisión cronológica 1961-
9 (RLIN) 7344
651 #4 - PUNTO DE ACCESO ADICIONAL DE MATERIA--NOMBRE GEOGRÁFICO
Nombre geográfico República Dominicana
Subdivisión general Condiciones Sociales
Subdivisión cronológica 1961-
9 (RLIN) 7345
651 #4 - PUNTO DE ACCESO ADICIONAL DE MATERIA--NOMBRE GEOGRÁFICO
Nombre geográfico República Dominicana
Subdivisión general Política Y Gobierno
Subdivisión cronológica 1961-
9 (RLIN) 204
710 2# - PUNTO DE ACCESO ADICIONAL--NOMBRE DE ENTIDAD CORPORATIVA
Nombre de entidad corporativa o nombre de jurisdicción como elemento de entrada Universida Autónoma de Santo Domingo
9 (RLIN) 46445
830 #0 - PUNTO DE ACCESO ADICIONAL DE SERIE-TÍTULO UNIFORME
Título uniforme Publicaciones de la Universida Autónoma de Santo Domingo
Designación de volumen o secuencia 271
9 (RLIN) 33585
830 #0 - PUNTO DE ACCESO ADICIONAL DE SERIE-TÍTULO UNIFORME
Título uniforme Historia y sociedad
Designación de volumen o secuencia no. 36
9 (RLIN) 13749
910 ## - DATOS DE OPCIÓN DEL USUARIO (OCLC)
Datos de opción del usuario Validado. Control de calidad MFF
Holdings
Estado de retiro Estado de pérdida Restricciones de uso No para préstamo Código de colección Localización permanente Ubicación/localización actual Ubicación en estantería Fecha de adquisición Número de inventario Total de préstamos Signatura topográfica completa Código de barras Fecha visto por última vez Número de copia Precio válido a partir de Tipo de ítem Koha Nota pública
        Dominicana de Servicio General General Depósito 13.10.2010 LF1   330.97293054 C343c 22565-30 25.06.2020 e. 3 25.06.2020 Libro y Folleto Colección Dominicana de Servicio Perteneció a la biblioteca personal de Juan Isidro Jimenes Grullón.
      Excluido de préstamo Patrimonio Dominicano Patrimonio Dominicano Patrimonio Dominicano Depósito 13.10.2010 LF1   330.97293054 C343c 22565-10 25.06.2020   25.06.2020 Libro y Folleto Colección Patrimonio Dominicano  
      Excluido de préstamo Patrimonio Dominicano Patrimonio Dominicano Patrimonio Dominicano Depósito 13.10.2010 LF1   330.97293054 C343c 22565-20 25.06.2020 e. 2 25.06.2020 Libro y Folleto Colección Patrimonio Dominicano  
      Excluido de préstamo Dominicana de Servicio Patrimonio Dominicano Patrimonio Dominicano Depósito 18.09.2012 LF1   330.97293054 C343c 22565-40 25.06.2020 e. 4 25.06.2020 Libro y Folleto Colección Dominicana de Servicio  
      Excluido de préstamo Dominicana de Servicio Patrimonio Dominicano Patrimonio Dominicano Depósito 24.04.2013 LF1   330.97293054 C343c 22565-50 25.06.2020 e. 5 25.06.2020 Libro y Folleto Colección Dominicana de Servicio  

Powered by Koha